Zeichnen Sie alle Bundesländer Österreichs - Statistiken

Allgemein
  • Dieses Quiz wurde 222 mal gespielt
  • Das Durchschnittsergebnis liegt bei 12 aus 13
Antworten auf der Karte
Die Antworten werden auf der Karte rot bzw. grün angezeigt, abhängig davon wie oft sie richtig erraten wurden.
 
Antwortstatistiken
Antwort % Korrekt
Niederösterreich - Oberösterreich
96%
Niederösterreich - Wien
96%
Salzburg - Tirol
96%
Salzburg - Oberösterreich
95%
Tirol - Vorarlberg
92%
Burgenland - Niederösterreich
91%
Kärnten - Salzburg
90%
Kärnten - Steiermark
90%
Burgenland - Steiermark
87%
Niederösterreich - Steiermark
87%
Steiermark - Oberösterreich
87%
Kärnten - Tirol
86%
Salzburg - Steiermark
86%
Keine übereinstimmenden Quizze gefunden
Verteilung der Resultate
Anzahl Personen mit jedem Resultat
Perzentil nach korrekt beantworteten Fragen
Ihre Resultats-Entwicklung
Sie haben dieses Quiz noch nicht gespielt